书目信息 |
| 题名: |
最新商事(经济)法律文件解读.2006
|
|
| 作者: | 万鄂湘 , 张军 主编 | |
| 分册: | 总第13辑 | |
| 出版信息: | 北京 人民法院出版社 2006 |
|
| 页数: | 146页 | |
| 开本: | 20cm | |
| 丛书名: | 最新法律文件解读 | |
| 单 册: | ||
| 中图分类: | D923.995 | |
| 科图分类: | ||
| 主题词: | 法律--中国 | |
| 电子资源: | ||
| ISBN: | 7-80217-202-0 | |
| 000 | 00730nam0 2200229 450 | |
| 001 | 0659532736 | |
| 005 | 20061121162447.65 | |
| 010 | @a7-80217-202-0@dCNY 10.00 | |
| 100 | @a20061106d2006 km y0chiy0120 ea | |
| 101 | 0 | @achi |
| 102 | @aCN@b110000 | |
| 200 | 1 | @a最新商事(经济)法律文件解读.2006@Azui xin shang shi(jing ji)fa lu wen jian jie du.2006@h总第13辑@f万鄂湘,张军主编@Fwan e xiang,zhang jun zhu bian |
| 210 | @a北京@c人民法院出版社@d2006 | |
| 215 | @a146页@d20cm | |
| 225 | 2 | @a最新法律文件解读 |
| 410 | 0 | @12001 @a最新法律文件解读 |
| 606 | 0 | @a法律@x中国 |
| 690 | @aD923.995@v4 | |
| 701 | 0 | @a万鄂湘@Awan e xiang@4主编 |
| 701 | 0 | @a张军@Azhang jun@4主编 |
| 801 | @aCN@c20061121 | |
| 905 | @a10447@dD923.995@eW033:13 | |
| 最新商事(经济)法律文件解读.2006.总第13辑/万鄂湘,张军主编.-北京:人民法院出版社,2006 |
| 146页;20cm.-(最新法律文件解读) |
| ISBN 7-80217-202-0:CNY 10.00 |
| ● |
| 相关链接 |
|
|
|
正题名:最新商事(经济)法律文件解读.2006
索取号:D923.995/W033:13
 
预约/预借
| 序号 | 登录号 | 条形码 | 馆藏地/架位号 | 状态 | 备注 |
| 1 | 612851 | 206128518 | 社科库509/509社科库 96排1列3层/ [索取号:D923.995/W033:13] | 在馆 | |
| 2 | 612852 | 206128527 | 社科库509/509社科库 96排1列3层/ [索取号:D923.995/W033:13] | 在馆 | |
| 3 | 612853 | 206128536 | 社科库509/509社科库 96排1列3层/ [索取号:D923.995/W033:13] | 在馆 |